000
00280nam a22001217a 4500
999
_c
12331
_d
12331
020
_a
978-9351118053
082
_a
332.1
100
_a
Anand Prakash
245
_a
Economics of Money and Banking
260
_a
India
_b
Random Publication
_c
2017
300
_a
292 pages.
942
_c
BK